[Event "European Blitz 2015"]
[Site "Minsk BLR"]
[Date "2015.12.18"]
[Round "4.45"]
[White "Savitski, Andrei"]
[Black "Zakhartsov, Vladimir"]
[Result "0-1"]
[BlackTitle "IM"]
[WhiteElo "2149"]
[BlackElo "2462"]
[WhiteFideId "13506161"]
[BlackFideId "4145097"]
[EventDate "2015.12.18"]
[EventType "swiss (blitz)"]

1. Nf3 c5 2. c3 Nf6 3. d4 e6 4. g3 b6 5. Bg2 Bb7 6. O-O Be7 7. Bg5 O-O 8. Nbd2
d5 9. Ne5 Nfd7 10. Bxe7 Qxe7 11. e4 Nxe5 12. dxe5 d4 13. cxd4 cxd4 14. Nc4 Nc6
15. Qa4 Rfd8 16. f4 Qb4 17. Qxb4 Nxb4 18. Nd6 Ba6 19. Rfd1 d3 20. a3 Nc2 21.
Rac1 Nd4 22. Bf1 f6 23. b4 fxe5 24. fxe5 Nf3+ 25. Kg2 Nxe5 26. b5 Rxd6 27. bxa6
Rf8 28. Rc3 Rfd8 29. Rc7 R8d7 30. Rb7 d2 31. Bb5 Rf7 32. Rxa7 Rxa7 0-1

[Event "European Blitz 2015"]
[Site "Minsk BLR"]
[Date "2015.12.18"]
[Round "4.46"]
[White "Petrova, Irina"]
[Black "Potapov, Pavel"]
[Result "0-1"]
[WhiteTitle "WIM"]
[BlackTitle "IM"]
[WhiteElo "2249"]
[BlackElo "2476"]
[WhiteFideId "14124122"]
[BlackFideId "4169786"]
[EventDate "2015.12.18"]
[EventType "swiss (blitz)"]

1. d4 f5 2. Nc3 Nf6 3. Bg5 d5 4. Bxf6 exf6 5. e3 g6 6. Qf3 Be6 7. Bd3 c6 8. Nge2
Bd6 9. h3 h5 10. g4 fxg4 11. Bxg6+ Ke7 12. hxg4 hxg4 13. Qg2 Rxh1+ 14. Qxh1 Qg8
15. Bd3 Nd7 16. O-O-O Qh8 17. Qg1 Qh2 18. Qxh2 Bxh2 19. Rh1 Rh8 20. Ng3 Rh3 21.
Nf1 Bd6 22. Rg1 f5 23. Ng3 Kf6 24. Kd2 Rh2 25. Ke1 Nf8 26. Nce2 Ng6 27. Rh1
Rxh1+ 28. Nxh1 b6 29. Nhg3 c5 30. c3 c4 31. Bc2 Kg5 32. Nf1 b5 33. a3 a5 34. Kd2
Nh4 35. Nfg3 Ng6 36. Nf1 b4 37. axb4 axb4 38. b3 Nh4 39. cxb4 Bxb4+ 40. Kd1 c3
41. Nc1 Bd7 42. Nd3 Bd6 43. Ne5 Bxe5 44. dxe5 Ng6 45. Ke2 Nxe5 46. Ng3 Bb5+ 47.
Kd1 Nd3 48. Ne2 Nxf2+ 49. Ke1 Nd3+ 50. Kd1 Nf2+ 51. Ke1 Ne4 52. Nd4 Ba6 53. Ne6+
Kh4 54. Nf4 g3 55. Ng6+ Kh3 56. Nf4+ Kh2 57. Kd1 g2 58. Nxg2 Kxg2 59. b4 Kf3 60.
Ba4 Kxe3 61. b5 Bb7 62. b6 d4 63. Bb5 d3 0-1

[Event "European Blitz 2015"]
[Site "Minsk BLR"]
[Date "2015.12.18"]
[Round "4.47"]
[White "Sharafiev, Azat"]
[Black "Stetsko, Lanita"]
[Result "1-0"]
[WhiteTitle "IM"]
[BlackTitle "FM"]
[WhiteElo "2420"]
[BlackElo "2257"]
[WhiteFideId "4186214"]
[BlackFideId "13505300"]
[EventDate "2015.12.18"]
[EventType "swiss (blitz)"]

1. e4 e5 2. Nf3 Nc6 3. d4 exd4 4. Nxd4 Bc5 5. Nb3 Bb6 6. Nc3 Nf6 7. Bg5 h6 8.
Bh4 d6 9. Qe2 g5 10. Bg3 Be6 11. O-O-O Qe7 12. h4 O-O-O 13. Na4 d5 14. Nxb6+
axb6 15. exd5 Nxd5 16. hxg5 Qxg5+ 17. Kb1 Bg4 18. f3 Bf5 19. Bh4 Qg6 20. Bxd8
Rxd8 21. Na1 f6 22. g4 Bxc2+ 23. Nxc2 Ncb4 24. Rc1 Nf4 25. Qe4 Qxe4 26. fxe4
Nfd3 27. Bxd3 1-0

[Event "European Blitz 2015"]
[Site "Minsk BLR"]
[Date "2015.12.18"]
[Round "4.48"]
[White "Leinov, Roman"]
[Black "Stupak, Kirill"]
[Result "0-1"]
[BlackTitle "GM"]
[WhiteElo "2129"]
[BlackElo "2542"]
[WhiteFideId "13504649"]
[BlackFideId "13503758"]
[EventDate "2015.12.18"]
[EventType "swiss (blitz)"]

1. Nf3 g6 2. d4 Bg7 3. c4 d6 4. Nc3 e5 5. dxe5 dxe5 6. Qxd8+ Kxd8 7. e4 c6 8.
Be3 Kc7 9. O-O-O f6 10. c5 Be6 11. Nd2 Nd7 12. Bc4 Nf8 13. Bxe6 Nxe6 14. Nc4 Bh6
15. Ne2 Bxe3+ 16. Nxe3 Nxc5 17. h4 Nxe4 18. Rdf1 Ne7 19. h5 Rad8 20. f3 Nc5 21.
Kc2 Ne6 22. Ng4 Nd5 23. a3 f5 24. Nxe5 Ne3+ 25. Kc3 Nxf1 26. Nf7 Ne3 27. Nxh8
Rxh8 28. hxg6 Kb6 29. Nd4 Nd5+ 30. Kc4 Ndf4 31. Nxf5 Nxg6 32. Ne3 Rd8 33. Rxh7
Ne5+ 0-1

[Event "European Blitz 2015"]
[Site "Minsk BLR"]
[Date "2015.12.18"]
[Round "4.49"]
[White "Harutjunyan, Gevorg"]
[Black "Kul, Ivan"]
[Result "1-0"]
[WhiteTitle "GM"]
[WhiteElo "2436"]
[BlackElo "2208"]
[WhiteFideId "13300873"]
[BlackFideId "13504207"]
[EventDate "2015.12.18"]
[EventType "swiss (blitz)"]

1. e4 e5 2. Nf3 Nf6 3. Nxe5 Nxe4 4. Qe2 Qe7 5. Qxe4 d6 6. d4 dxe5 7. dxe5 Nc6 8.
Nc3 Qxe5 9. Bd3 Qxe4+ 10. Bxe4 Bd7 11. Bf4 O-O-O 12. O-O-O h6 13. Nd5 Bd6 14.
Bxd6 cxd6 15. Nc3 Be6 16. Rd2 f5 17. Bd5 Rhe8 18. Rhd1 a6 19. Bxc6 bxc6 20. Rxd6
Kc7 21. Rxd8 Rxd8 22. Rxd8 Kxd8 23. Na4 Bd5 24. g3 Kc7 25. Kd2 Kd6 26. Ke3 g5
27. Kd4 a5 28. c4 Be4 29. Nc5 Bb1 30. a3 Kc7 31. Nb3 a4 32. Nc5 Bc2 33. Kc3 Bd1
34. Kd2 Bf3 35. Nxa4 Kd6 36. b4 Ke5 37. Ke3 Bd1 38. f4+ Kd6 39. Nc5 Bc2 40. a4
Bd1 41. a5 Kc7 42. fxg5 hxg5 43. Ne6+ Kd6 44. Nxg5 Bb3 45. Kd4 c5+ 46. bxc5+ Kc6
47. a6 1-0

[Event "European Blitz 2015"]
[Site "Minsk BLR"]
[Date "2015.12.18"]
[Round "5.1"]
[White "Pogosian, Manvel"]
[Black "Navara, David"]
[Result "0-1"]
[BlackTitle "GM"]
[WhiteElo "2382"]
[BlackElo "2730"]
[WhiteFideId "13503936"]
[BlackFideId "309095"]
[EventDate "2015.12.18"]
[EventType "swiss (blitz)"]

1. d4 Nf6 2. Nf3 e6 3. g3 c5 4. Bg2 cxd4 5. Nxd4 d5 6. O-O e5 7. Nb3 Be6 8. Bg5
Nbd7 9. c3 Be7 10. N1d2 O-O 11. e4 dxe4 12. Nxe4 Qc7 13. Nxf6+ Nxf6 14. Re1 Rfd8
15. Qe2 h6 16. Bxf6 Bxf6 17. Rad1 a5 18. Qb5 Rxd1 19. Rxd1 a4 20. Nc5 Bxa2 21.
Bxb7 Rb8 22. Rd7 Qc8 23. Bxc8 Rxb5 24. Nxa4 Bb3 25. Ra7 Bxa4 26. Rxa4 Rxb2 27.
Bf5 g6 28. Be4 Be7 29. Rc4 Kg7 30. Rc7 Bd8 31. Rb7 Bb6 32. Bd5 Bxf2+ 33. Kf1
Rxb7 34. Bxb7 Bc5 35. Ke2 f5 36. h4 Kf6 37. Bc6 e4 38. Be8 Bd6 39. Kf2 Be5 40.
c4 Bd4+ 41. Ke2 Bc5 42. Bd7 g5 43. hxg5+ hxg5 44. Bc8 f4 45. gxf4 gxf4 46. Bb7
Ke5 47. Bd5 f3+ 48. Kf1 Kf4 49. Bc6 e3 0-1

[Event "European Blitz 2015"]
[Site "Minsk BLR"]
[Date "2015.12.18"]
[Round "5.3"]
[White "Malakhov, Igor"]
[Black "Smirin, Ilia"]
[Result "1/2-1/2"]
[WhiteTitle "IM"]
[BlackTitle "GM"]
[WhiteElo "2451"]
[BlackElo "2658"]
[WhiteFideId "4183088"]
[BlackFideId "2801990"]
[EventDate "2015.12.18"]
[EventType "swiss (blitz)"]

1. e4 g6 2. d4 Bg7 3. Nc3 d6 4. g3 Nc6 5. d5 Ne5 6. f4 Nd7 7. Be3 Ngf6 8. Bg2 c6
9. Nf3 O-O 10. O-O Nb6 11. Kh1 Nc4 12. Bc1 cxd5 13. exd5 Bg4 14. Qd3 Rc8 15. b3
Bf5 16. Qd1 Ne4 17. Nxe4 Bxe4 18. Rb1 Nb6 19. Rb2 Bxb2 20. Bxb2 Rxc2 21. Qd4
Rxb2 22. Qxb2 Nxd5 23. Qd4 Nf6 24. Re1 d5 25. Qxa7 Qc7 26. Qd4 Qc2 27. Qb4 Ng4
28. Qd2 Rc8 29. Qxc2 Rxc2 30. Nh4 Bxg2+ 31. Nxg2 Rxa2 32. h3 Nf2+ 33. Kh2 Ne4
34. h4 e6 35. Kh3 Rb2 36. Re3 Nf2+ 1/2-1/2

[Event "European Blitz 2015"]
[Site "Minsk BLR"]
[Date "2015.12.18"]
[Round "5.4"]
[White "Petrosian, Tigran L."]
[Black "Kalinin, Michail Borisovich"]
[Result "1-0"]
[WhiteTitle "GM"]
[WhiteElo "2625"]
[BlackElo "2380"]
[WhiteFideId "13301616"]
[BlackFideId "4144104"]
[EventDate "2015.12.18"]
[EventType "swiss (blitz)"]

1. Nf3 d5 2. g3 Nf6 3. Bg2 b6 4. O-O Bb7 5. d3 e6 6. Nbd2 c5 7. c3 Be7 8. Qc2
Nc6 9. e4 h6 10. Re1 a6 11. a3 b5 12. exd5 Nxd5 13. Ne4 O-O 14. c4 bxc4 15. dxc4
Nf6 16. Rd1 Qc7 17. Bf4 e5 18. Nxe5 Nxe5 19. Bxe5 Qxe5 20. Nxf6+ Bxf6 21. Bxb7
Rab8 22. Rd7 Qxb2 23. Qxb2 Bxb2 24. Ra2 Bd4 25. Bxa6 Ra8 26. Bb5 Rfe8 27. a4 Bc3
28. Kg2 Re6 29. Ra3 Bb4 30. Rf3 f6 31. Rfd3 Rae8 32. h4 R8e7 33. Rd8+ Kh7 34. h5
g6 35. hxg6+ Kxg6 36. Bd7 Re5 37. Bc6 Re2 38. Bf3 Ra2 39. Bd1 Re4 40. R8d7 Be1
41. Rf3 Rb2 42. Kf1 Rb1 43. Bc2 1-0

[Event "European Blitz 2015"]
[Site "Minsk BLR"]
[Date "2015.12.18"]
[Round "5.5"]
[White "Sarana, Alexey"]
[Black "Kovalenko, Igor"]
[Result "1/2-1/2"]
[BlackTitle "GM"]
[WhiteElo "2432"]
[BlackElo "2680"]
[WhiteFideId "24133795"]
[BlackFideId "14117908"]
[EventDate "2015.12.18"]
[EventType "swiss (blitz)"]

1. Nf3 c5 2. g3 g6 3. Bg2 Bg7 4. O-O Nc6 5. c4 d6 6. Nc3 Bd7 7. d3 Nf6 8. Bf4
O-O 9. Qd2 Rb8 10. h3 a6 11. Bh6 b5 12. b3 Qa5 13. Bxg7 Kxg7 14. Rad1 Rfc8 15.
Nh4 Nd4 16. Rfe1 Bc6 17. e3 Bxg2 18. Kxg2 Ne6 19. Re2 Qc7 20. Nf3 Qb7 21. e4 Nd7
22. Nd5 Ne5 23. Nf4 Nxf3 24. Nxe6+ fxe6 25. Kxf3 e5 26. Kg2 Rf8 27. Qe3 Rf7 28.
f4 exf4 29. gxf4 Rbf8 30. Rf1 a5 31. Ref2 bxc4 32. bxc4 e6 33. Qd2 Qb4 34. Kg3
Qxd2 35. Rxd2 Rb8 36. d4 Rb4 37. dxc5 dxc5 38. Rc2 Rd7 39. f5 Kf6 40. fxg6+ Kxg6
41. Kf4 Rd4 42. Ke5 Rbxc4 43. Rg2+ Kh5 44. Rg4 Rc3 45. Rf7 Rxh3 46. Rgf4 h6 47.
Kxe6 Re3 48. R7f5+ Kg6 49. Rg4+ Kh7 50. Rf7+ Kh8 51. Rf8+ Kh7 52. Rf7+ Kh8 53.
Rf8+ Kh7 54. Rff4 h5 55. Rf7+ Kh6 56. Rf6+ Kh7 57. Rf7+ Kh6 1/2-1/2

[Event "European Blitz 2015"]
[Site "Minsk BLR"]
[Date "2015.12.18"]
[Round "5.6"]
[White "Melkumyan, Hrant"]
[Black "Kashtanov, Ruslan"]
[Result "1-0"]
[WhiteTitle "GM"]
[BlackTitle "IM"]
[WhiteElo "2654"]
[BlackElo "2346"]
[WhiteFideId "13302485"]
[BlackFideId "4124871"]
[EventDate "2015.12.18"]
[EventType "swiss (blitz)"]

1. e4 c5 2. Nf3 Nc6 3. Bb5 d6 4. c4 e5 5. Nc3 g6 6. d3 Bg7 7. O-O Ne7 8. b4 O-O
9. bxc5 dxc5 10. Nd5 Bg4 11. Bxc6 Nxc6 12. Be3 b6 13. h3 Be6 14. Qa4 Nd4 15.
Nxd4 exd4 16. Bf4 Qd7 17. Qxd7 Bxd7 18. Bd6 Rfd8 19. Be7 Rdc8 20. Bh4 Kh8 21. a4
f5 22. Ne7 Re8 23. exf5 Bxf5 24. Nxf5 gxf5 25. Rfe1 Kg8 26. Bg5 Kf7 27. Bf4 Re6
28. Rxe6 Kxe6 29. Re1+ Kd7 30. f3 a6 31. Kf2 Bf6 32. g4 Bh4+ 33. Bg3 Bxg3+ 34.
Kxg3 fxg4 35. hxg4 b5 36. axb5 axb5 37. cxb5 Ra3 38. Rd1 Rb3 39. Kf4 Rxb5 40.
Rh1 Kd6 41. Rxh7 Rb3 42. Ke4 Kc6 43. g5 Rb1 44. f4 Re1+ 45. Kf5 Re3 46. g6 Rxd3
47. g7 Rg3 48. Rh6+ Kd5 1-0

[Event "European Blitz 2015"]
[Site "Minsk BLR"]
[Date "2015.12.18"]
[Round "5.7"]
[White "Pustovoitova, Daria"]
[Black "Bortnyk, Olexandr"]
[Result "0-1"]
[WhiteTitle "FM"]
[BlackTitle "GM"]
[WhiteElo "2356"]
[BlackElo "2552"]
[WhiteFideId "4182146"]
[BlackFideId "14120828"]
[EventDate "2015.12.18"]
[EventType "swiss (blitz)"]

1. d4 d6 2. Nf3 Nf6 3. c4 g6 4. Nc3 Bf5 5. Qb3 Qc8 6. Nd2 Nc6 7. e3 Bg7 8. Be2
O-O 9. O-O e5 10. d5 Ne7 11. f3 a5 12. Re1 Nd7 13. Qd1 Nc5 14. Nb3 Bd7 15. Nxc5
dxc5 16. e4 b6 17. d6 Nc6 18. dxc7 Qxc7 19. Nb5 Qb7 20. Qd6 Nb4 21. Rd1 Bxb5 22.
cxb5 Nc2 23. Rb1 Nd4 24. Qd5 Nxe2+ 0-1

[Event "European Blitz 2015"]
[Site "Minsk BLR"]
[Date "2015.12.18"]
[Round "5.8"]
[White "Ponkratov, Pavel"]
[Black "Gurvich, Vitaly"]
[Result "1-0"]
[WhiteTitle "GM"]
[BlackTitle "FM"]
[WhiteElo "2604"]
[BlackElo "2308"]
[WhiteFideId "4157800"]
[BlackFideId "24164852"]
[EventDate "2015.12.18"]
[EventType "swiss (blitz)"]

1. Nc3 c5 2. Nf3 Nf6 3. e4 d6 4. d4 cxd4 5. Nxd4 a6 6. Be3 Ng4 7. Bg5 h6 8. Bh4
g5 9. Bg3 Bg7 10. h3 Ne5 11. Nd5 e6 12. Ne3 Nbd7 13. h4 Nf6 14. f3 Qc7 15. Qd2
b5 16. O-O-O Bd7 17. Nb3 Ke7 18. Bxe5 dxe5 19. Qb4+ Ke8 20. Qc5 Rc8 21. Qxc7
Rxc7 22. Kb1 gxh4 23. c4 Ke7 24. cxb5 axb5 25. Rxh4 h5 26. Rh1 Rhc8 27. Bd3 Bh6
28. Nc2 Be8 29. a3 Bg5 30. Nb4 h4 31. Nc1 Nh5 32. Rhe1 Nf4 33. Bf1 f6 34. Nca2
Rc5 35. Nc3 Kf7 36. Na6 Rxc3 37. bxc3 Rxc3 38. Kb2 Rc8 39. Kb3 f5 40. exf5 exf5
41. Rxe5 Kf6 42. Rc5 Bf7+ 43. Kb4 Re8 44. Nc7 Re3 45. Nxb5 Kg7 46. Rxf5 Kg6 47.
Rxf7 Kxf7 48. Nd6+ Kg6 49. a4 Be7 50. Kc4 Ra3 51. Kb5 Ra2 52. Nc8 Bf6 53. a5 Ne6
54. a6 Nc7+ 55. Kb6 Nxa6 56. Bxa6 Rxg2 57. Bd3+ Kg5 58. Nd6 Kf4 59. Be4 h3 60.
Rd5 h2 61. Rh5 Be5 62. Nf5 Bc3 63. Kc5 Be1 64. Kd5 Bg3 65. Nxg3 Kxg3 66. Ke5 Rg1
67. f4 Re1 68. f5 1-0

[Event "European Blitz 2015"]
[Site "Minsk BLR"]
[Date "2015.12.18"]
[Round "5.9"]
[White "Zubov, Alexander"]
[Black "Tsyhanchuk, Stanislav"]
[Result "1-0"]
[WhiteTitle "GM"]
[BlackTitle "IM"]
[WhiteElo "2601"]
[BlackElo "2362"]
[WhiteFideId "14109409"]
[BlackFideId "13505130"]
[EventDate "2015.12.18"]
[EventType "swiss (blitz)"]

1. d4 Nf6 2. c4 Nc6 3. Nf3 e6 4. a3 d6 5. g3 g6 6. Bg2 Bg7 7. O-O O-O 8. d5 Nb8
9. dxe6 Bxe6 10. Nd4 Bc8 11. Nc3 Nbd7 12. b3 Re8 13. Bb2 Nc5 14. Qc2 a6 15. Rad1
Rb8 16. Nd5 Ne6 17. e3 Nxd4 18. Bxd4 Nxd5 19. cxd5 Bd7 20. Bxg7 Kxg7 21. Rc1 Rc8
22. Qd2 c5 23. dxc6 Bxc6 24. Bxc6 bxc6 25. Rfd1 d5 26. Rc5 Qd6 27. Ra5 h5 28.
Rxa6 Rb8 29. Qc3+ Kg8 30. b4 Rec8 31. h4 Qd7 32. Rc1 Ra8 33. Qd3 Qb7 34. Rxa8
Rxa8 35. Rc5 Qa6 36. Qxa6 Rxa6 37. Ra5 Rb6 38. Kf1 Kf8 39. Ke2 Ke7 40. Kd3 Kd6
41. Ra7 Ke6 42. Kd4 Rb5 43. Rc7 Rb6 44. Kc5 1-0

[Event "European Blitz 2015"]
[Site "Minsk BLR"]
[Date "2015.12.18"]
[Round "5.10"]
[White "Movsesian, Sergei"]
[Black "Bulanov, Dmitri"]
[Result "1-0"]
[WhiteTitle "GM"]
[BlackTitle "FM"]
[WhiteElo "2659"]
[BlackElo "2369"]
[WhiteFideId "310204"]
[BlackFideId "13506382"]
[EventDate "2015.12.18"]
[EventType "swiss (blitz)"]

1. e4 Nf6 2. e5 Nd5 3. d4 d6 4. Nf3 c6 5. h3 dxe5 6. Nxe5 g6 7. Bc4 Bg7 8. O-O
O-O 9. Re1 Nd7 10. Nf3 N7f6 11. Bb3 Be6 12. Nbd2 Nc7 13. Nc4 Bd5 14. Nce5 Bxb3
15. axb3 Nd7 16. Nd3 Nf6 17. b4 Ne6 18. c3 a5 19. bxa5 Rxa5 20. Rxa5 Qxa5 21.
Qb3 Qa6 22. Nde5 Nc7 23. Bg5 Qb5 24. Qc2 Qd5 25. c4 Qd6 26. Qb3 Ne6 27. Be3 Rb8
28. Ra1 b5 29. c5 Qc7 30. Nxf7 Nd5 31. N7e5 Qb7 32. h4 Ra8 33. Rxa8+ Qxa8 34.
Kh2 Bf6 35. g3 Kg7 36. h5 gxh5 37. Qd3 Nf8 38. Qf5 Qe8 39. Bg5 Ng6 40. Nd3 h6
41. Bd2 h4 42. gxh4 Qb8+ 43. Kg1 Nxh4 44. Nxh4 Bxh4 45. Qg4+ Bg5 46. f4 Nf6 47.
Qg2 Nd5 48. fxg5 h5 49. Qh2 Qc8 50. Qe5+ Kg8 51. Nf2 Qf8 52. Qe6+ Kg7 53. Qh6+ 1-0

[Event "European Blitz 2015"]
[Site "Minsk BLR"]
[Date "2015.12.18"]
[Round "5.12"]
[White "Pershin, Denis"]
[Black "Andriasian, Zaven"]
[Result "0-1"]
[BlackTitle "GM"]
[WhiteElo "2375"]
[BlackElo "2594"]
[WhiteFideId "24165506"]
[BlackFideId "13302000"]
[EventDate "2015.12.18"]
[EventType "swiss (blitz)"]

1. e4 d6 2. d4 Nf6 3. Nc3 g6 4. f4 Bg7 5. Nf3 c6 6. Bd3 O-O 7. O-O Bg4 8. Qe1
Bxf3 9. Rxf3 e5 10. dxe5 dxe5 11. f5 Nbd7 12. Be3 Ng4 13. Bc4 b5 14. Bb3 a5 15.
a3 Qe7 16. Qe2 Nc5 17. fxg6 hxg6 18. Rxf7 Rxf7 19. Bxf7+ Qxf7 20. Qxg4 Ne6 21.
Rf1 Qe8 22. Ne2 Rd8 23. Ng3 Nf4 24. Bxf4 exf4 25. Qxf4 Bxb2 26. Qg4 Bg7 27. h4
Rd6 28. h5 a4 29. Qg5 Qe5 30. Qg4 Qe6 31. Qg5 b4 32. h6 Bd4+ 33. Kh1 Kh7 34. e5
Bxe5 35. Ne4 Rd5 36. Qh4 Bb2 37. axb4 a3 38. c4 Rf5 39. Ng5+ Rxg5 40. Qxg5 a2
41. Qa5 Qxc4 42. Qa7+ Kxh6 43. Qe3+ Kh7 44. Qe7+ Bg7 45. Re1 Qd4 46. b5 a1=Q 47.
Rxa1 Qxa1+ 48. Kh2 Qe5+ 0-1

[Event "European Blitz 2015"]
[Site "Minsk BLR"]
[Date "2015.12.18"]
[Round "5.13"]
[White "Grachev, Boris"]
[Black "Gorodetzky, David"]
[Result "1-0"]
[WhiteTitle "GM"]
[BlackTitle "FM"]
[WhiteElo "2652"]
[BlackElo "2342"]
[WhiteFideId "4129199"]
[BlackFideId "2813416"]
[EventDate "2015.12.18"]
[EventType "swiss (blitz)"]

1. d4 e6 2. Nf3 Nf6 3. Bf4 d5 4. e3 Bd6 5. Nbd2 O-O 6. Bg3 c5 7. c3 Nc6 8. Bd3
b6 9. e4 dxe4 10. Nxe4 Nxe4 11. Bxe4 Bb7 12. dxc5 Bxc5 13. Qa4 Rc8 14. Rd1 Qe8
15. Bxh7+ Kxh7 16. Qh4+ 1-0

[Event "European Blitz 2015"]
[Site "Minsk BLR"]
[Date "2015.12.18"]
[Round "5.15"]
[White "Ragger, Markus"]
[Black "Rogule, Laura"]
[Result "1-0"]
[WhiteTitle "GM"]
[BlackTitle "WGM"]
[WhiteElo "2687"]
[BlackElo "2289"]
[WhiteFideId "1610856"]
[BlackFideId "11601876"]
[EventDate "2015.12.18"]
[EventType "swiss (blitz)"]

1. d4 d5 2. c4 e6 3. Nf3 Nf6 4. g3 dxc4 5. Bg2 Nc6 6. Qa4 Bb4+ 7. Bd2 Nd5 8.
Bxb4 Nxb4 9. Na3 O-O 10. O-O Rb8 11. Qb5 Qe7 12. Qxc4 Na6 13. Nb5 e5 14. dxe5
Nxe5 15. Nxe5 Qxe5 16. Nxa7 c6 17. Nxc8 Rbxc8 18. e3 Rfd8 19. Rad1 Qxb2 20. Rb1
b5 21. Qxc6 Qxa2 22. Qxb5 Nc5 23. Bh3 Rc7 24. Rfd1 Rf8 25. Rbc1 Ne4 26. Rxc7
Qxf2+ 27. Kh1 Qf3+ 28. Bg2 Qxd1+ 29. Qf1 Qxf1+ 30. Bxf1 Rd8 31. Bc4 Nd6 32. Bd5
g6 33. e4 Rf8 34. Kg2 Kg7 35. h4 Kf6 36. Kf3 Ke5 37. Ke3 h5 38. Re7+ Kf6 39. Ra7
Rc8 40. Kf4 Kg7 41. e5 Nf5 42. Bxf7 Rf8 43. Be6+ Kh6 44. Bxf5 Rxf5+ 45. Ke4 Rf1
46. e6 Re1+ 47. Kd5 g5 48. e7 gxh4 49. gxh4 Kg6 50. Kd6 Kf7 51. Ra5 Re6+ 52. Kd5
Rxe7 53. Kd4 Kg6 54. Rg5+ Kh6 55. Re5 Rxe5 56. Kxe5 Kh7 57. Kf6 Kh8 58. Kg5 Kg8
59. Kxh5 Kh7 60. Kg5 Kh8 61. Kg6 Kg8 62. h5 Kh8 63. h6 Kg8 64. h7+ Kh8 65. Kh6 1-0

[Event "European Blitz 2015"]
[Site "Minsk BLR"]
[Date "2015.12.18"]
[Round "5.16"]
[White "Kazakovskiy, Valeriy"]
[Black "Popov, Ivan RUS"]
[Result "1-0"]
[WhiteTitle "IM"]
[BlackTitle "GM"]
[WhiteElo "2342"]
[BlackElo "2650"]
[WhiteFideId "13507443"]
[BlackFideId "4170350"]
[EventDate "2015.12.18"]
[EventType "swiss (blitz)"]

1. d4 Nf6 2. Nf3 b6 3. c4 Bb7 4. g3 g6 5. Bg2 Bg7 6. O-O O-O 7. b3 e6 8. Bb2 d6
9. Nc3 Ne4 10. Qc2 Nxc3 11. Bxc3 Nd7 12. e4 e5 13. d5 f5 14. Bd2 h6 15. Nh4 Qf6
16. Bh3 Rf7 17. exf5 g5 18. Ng6 Nf8 19. Nxf8 Raxf8 20. Bc3 Bc8 21. g4 h5 22. f3
Qh6 23. Bg2 Bf6 24. h3 Re7 25. Qe4 h4 26. b4 Ba6 27. a4 Rd8 28. b5 Bb7 29. a5
Rb8 30. axb6 axb6 31. Ra7 Qg7 32. Rfa1 Ree8 33. Bf1 Kh8 34. Bd3 Kh7 35. R1a3 Kh8
36. Kg2 Kh7 37. Ra1 Kh8 38. Re1 Qd7 39. Qe2 Kg7 40. Qd2 Kf7 41. Be4 Rg8 42. Qa2
Rgc8 43. Ra1 Kg7 44. Qb2 Qe7 45. Kg1 Qd7 46. Bd2 Qe7 47. Qc1 Kh8 48. Be3 Kg7 49.
Kf2 Kh8 50. R1a3 Kg7 51. Qa1 Kf7 52. Qa2 Kg7 53. R3a4 Kh8 54. c5 bxc5 55. Qc4
Kg7 56. Bd2 Qd7 57. R4a5 Kh6 58. Bc1 Kg7 59. Qe2 Qe7 60. Qc4 Qd7 61. Bd2 Qe7 62.
Qc1 Kh8 63. Ra1 Kg7 64. Rb1 Kh8 65. b6 Ba8 66. b7 Bxb7 67. Raxb7 Ra8 68. R7b2
Qd7 69. Qc4 Ra3 70. Qb5 Qxb5 71. Rxb5 Kg7 72. Rb8 Ra8 73. Rxc8 Rxc8 74. Rb7 Kf7
75. Ba5 Bd8 76. Bd3 Ke7 77. Bb5 Ra8 78. Bxc7 Ra2+ 79. Ke3 Ra3+ 80. Ke2 Ra2+ 81.
Kd3 Ra3+ 82. Ke4 Bxc7 83. Rxc7+ Kf6 84. Be8 1-0

[Event "European Blitz 2015"]
[Site "Minsk BLR"]
[Date "2015.12.18"]
[Round "5.17"]
[White "Demidov, Mikhail"]
[Black "Minko, Vladimir"]
[Result "0-1"]
[WhiteTitle "IM"]
[BlackTitle "FM"]
[WhiteElo "2485"]
[BlackElo "2361"]
[WhiteFideId "4197143"]
[BlackFideId "24146706"]
[EventDate "2015.12.18"]
[EventType "swiss (blitz)"]

1. d4 Nf6 2. Nf3 e6 3. c4 Bb4+ 4. Nbd2 b6 5. g3 Bb7 6. Bg2 O-O 7. O-O d5 8. Ne5
c5 9. a3 Bxd2 10. Qxd2 Qe7 11. dxc5 Qxc5 12. Qb4 Na6 13. Qxc5 Nxc5 14. Be3 Nb3
15. Rad1 Rac8 16. Bg5 Rfd8 17. cxd5 Bxd5 18. Bxf6 gxf6 19. Bxd5 Rxd5 20. Rxd5
exd5 21. Nd3 Rc2 22. Re1 Nc5 23. Nb4 Rxb2 24. Nxd5 Ra2 25. Nxf6+ Kg7 26. Nh5+
Kh6 27. Nf4 Rxa3 28. Rd1 Kg7 29. Rd6 Rb3 30. Nh5+ Kf8 31. Rd8+ Ke7 32. Ra8 Ra3
33. Nf4 b5 34. Rc8 Ne4 35. f3 Nd6 36. Rc7+ Kd8 37. Rc5 b4 38. Rd5 Ke7 39. Rd4 b3
40. Nd3 a5 41. Rd5 a4 42. Ra5 Ra1+ 43. Kf2 a3 44. Ra7+ Kf8 45. Ra8+ Kg7 46. Rb8
b2 47. Nxb2 Rb1 48. Rd8 axb2 49. Rxd6 Ra1 0-1

[Event "European Blitz 2015"]
[Site "Minsk BLR"]
[Date "2015.12.18"]
[Round "5.18"]
[White "Djuric, Stefan"]
[Black "Belous, Vladimir"]
[Result "0-1"]
[WhiteTitle "GM"]
[BlackTitle "GM"]
[WhiteElo "2393"]
[BlackElo "2557"]
[WhiteFideId "900133"]
[BlackFideId "4174003"]
[EventDate "2015.12.18"]
[EventType "swiss (blitz)"]

1. e4 c5 2. Nf3 e6 3. g3 Nc6 4. Bg2 Nf6 5. Qe2 Be7 6. O-O O-O 7. c3 d5 8. e5 Nd7
9. d4 Rb8 10. h4 b5 11. Bg5 b4 12. Nbd2 bxc3 13. bxc3 Qa5 14. Bxe7 Nxe7 15. Nb3
Qa3 16. Qc2 Ba6 17. Ng5 g6 18. Rfb1 Rfc8 19. Qd2 h6 20. Nh3 Kg7 21. h5 cxd4 22.
cxd4 Qb4 23. Qf4 Bd3 24. Nc5 Qxb1+ 25. Rxb1 Rxb1+ 26. Kh2 Nxc5 27. Qf6+ Kf8 28.
dxc5 Ng8 29. Qf4 g5 30. Nxg5 hxg5 31. Qxg5 Rxc5 32. h6 Nxh6 33. Qxh6+ Ke8 34.
Qh8+ Kd7 35. Qf8 Kc6 36. Qc8+ Kb5 37. Qb7+ Kc4 38. Qxa7 Bg6 39. Qa4+ Kd3 40.
Qa3+ Rc3 41. Qa6+ Kd2 42. Bf1 d4 43. Qe2+ Kc1 44. Qe1+ Kb2 45. Qd2+ Bc2 46. Qxd4
Rxf1 47. Qb4+ Bb3 48. Kg2 Rd1 49. axb3 Rxb3 50. Qf4 Rd7 51. Qf3 Rxf3 0-1

[Event "European Blitz 2015"]
[Site "Minsk BLR"]
[Date "2015.12.18"]
[Round "5.19"]
[White "Kocheev, Aleksandr"]
[Black "Chigaev, Maksim"]
[Result "0-1"]
[BlackTitle "IM"]
[WhiteElo "2355"]
[BlackElo "2526"]
[WhiteFideId "13507842"]
[BlackFideId "4108116"]
[EventDate "2015.12.18"]
[EventType "swiss (blitz)"]

1. e4 c6 2. d4 d5 3. exd5 cxd5 4. Bd3 Nc6 5. c3 g6 6. h3 Bg7 7. Nf3 Nf6 8. Bg5
O-O 9. O-O Bf5 10. Bxf5 gxf5 11. Bxf6 Bxf6 12. Re1 e6 13. Nbd2 Kh8 14. Ne5 Bxe5
15. dxe5 Rg8 16. Qh5 Rg7 17. Nf3 Qe7 18. Qh4 Rag8 19. g3 Qxh4 20. Nxh4 Rc8 21.
Rad1 Na5 22. Re2 Kg8 23. Ng2 Kf8 24. Nf4 Ke7 25. Kg2 Rgg8 26. Nh5 Nc4 27. Nf6
Rh8 28. Rd4 b5 29. Rh4 h6 30. Rd4 a5 31. g4 fxg4 32. hxg4 Rhd8 33. f4 Rb8 34. f5
Nxe5 35. Nxd5+ Rxd5 36. Rxd5 exd5 37. Rxe5+ Kd6 38. Re2 b4 39. cxb4 Rxb4 40. Kf3
a4 41. a3 Rb3+ 42. Kf4 Rd3 43. Rh2 Rd4+ 44. Kf3 Ke5 45. Rxh6 Rd3+ 46. Ke2 Rb3
47. Ra6 Rxb2+ 48. Kd1 d4 49. Rxa4 Rg2 50. Ra7 f6 51. Re7+ Kf4 52. Re6 Rxg4 53.
Rxf6 Ke3 54. Re6+ Kd3 55. f6 Rf4 56. Ke1 Kc3 57. Rc6+ Kb3 58. Rd6 Kxa3 59. Rb6
Ka4 60. Kd2 Ka5 0-1